000 01696nmm a2200469 4500
001 23449
003 VRT
005 20260626111506.0
006 m f d
007 sz fsngnnmmned
008 221221s2022 xo zz f d 000 u slo d
020 _a9788080903114
_q(elektronická kniha)
035 _aa000716934
039 9 _a202309121051
_bizakovicm
_c202309111418
_dkucmanj
040 _aUKB
_bslo
_dUKB
_erda
041 1 _aslo
_heng
044 _axo
_cSK
072 7 _a821.111-3
_xAnglická próza, anglicky písaná
_2konspekt
080 _a(0.034.2)
_22011
080 _a(0.034.44)
_22011
080 _a821.111-31
_22011
080 _a(0:82-31)-055.2
_22011
100 1 _aKelly, Ruth
_4aut
240 1 4 _aThe little vineyard in Provence.
_lSlovensky
245 1 0 _aMalé vinárstvo v Provensálsku
_bromán o podmanivých francúzskych viniciach, chrumkavých croissantoch a šanci na nový začiatok
_cRuth Kelly ; z anglického originálu The little vineyard in Provence ... do slovenčiny preložila Martina Antošová
250 _aVydanie 1.
264 1 _aBratislava
_bGrada Slovakia s.r.o. - Metafora
_c2022
300 _a1 online zdroj (360 strán)
_bilustrácie
336 _atext
_btxt
_2rdacontent
337 _apočítač
_bc
_2rdamedia
338 _aonline zdroj
_bcr
_2rdacarrier
347 _atextový súbor
_bPDF
_2rda
490 1 _aZa láskou
500 _aNázov z titulnej obrazovky
500 _aVydala Grada Slovakia, s.r.o. pod značkou Metafora
655 7 _aanglické romány
_2SNKPH
655 7 _aromány pre ženy
_2SNKPH
655 7 _aelektronické knihy
_2UKBPH
700 1 _aAntošová, Martina
_4trl
830 0 _aZa láskou
942 _2ddc
_cKLDO
999 _c23449
_d23449